[Event "XXXVII Bosnia GM"]
[Site "Sarajevo BIH"]
[Date "2007.05.19"]
[Round "1"]
[White "Short,N"]
[Black "Morozevich,A"]
[Result "0-1"]
[WhiteElo "2691"]
[BlackElo "2762"]

1.c4 e5 2.Nc3 Nf6 3.Nf3 Nc6 4.e3 Bb4 5.Qc2 Bxc3 6.Qxc3 Qe7 7.Be2 d5 8.O-O d4
9.exd4 exd4 10.Qb3 O-O 11.Re1 Bg4 12.Bd1 Qd6 13.d3 Nd7 14.Bd2 a5 15.Nh4 Nc5
16.Qa3 Bd7 17.Be2 b6 18.Rad1 h6 19.b3 Qf6 20.Nf3 Rae8 21.Qb2 Bg4 22.Qc2 Rxe2
23.Rxe2 Bxf3 24.gxf3 Qxf3 25.Bc1 f5 26.h3 Rf6 27.Kh2 Rg6 28.Rg1 Rxg1 29.Kxg1 Nxd3
30.Be3 Nce5 31.Bxd4 Nf4  0-1

[Event "XXXVII Bosnia GM"]
[Site "Sarajevo BIH"]
[Date "2007.05.20"]
[Round "2"]
[White "Morozevich,A"]
[Black "Sokolov,Iv NED"]
[Result "0-1"]
[WhiteElo "2762"]
[BlackElo "2655"]

1.Nf3 d5 2.c4 c6 3.e3 Nf6 4.Nc3 a6 5.b3 Bg4 6.Be2 e6 7.Bb2 Nbd7 8.h3 Bxf3
9.Bxf3 Bb4 10.Qc2 O-O 11.O-O Qe7 12.Rad1 Rac8 13.g3 Ne5 14.Bg2 Rfd8 15.Ne2 Ng6
16.f4 Ne8 17.f5 exf5 18.Nd4 dxc4 19.Nxf5 Qe6 20.bxc4 Ne7 21.Be4 Rxd2 22.Rxd2 Bxd2
23.Kg2 Bb4 24.Bd4 Rd8 25.c5 Nf6 26.Bd3 Nxf5 27.Bxf5 Qe7 28.Qc4 Ba5 29.h4 Nd5
30.e4 Nc7 31.h5 Ne6 32.Bxe6 Qxe6 33.Qxe6 fxe6 34.Be5 h6 35.Rb1 Rd7 36.Bd6 b5
37.cxb6 Rxd6 38.b7 Bc7 39.b8=Q+ Bxb8 40.Rxb8+ Kf7 41.Rb6 Rd2+ 42.Kf3 Rxa2
43.e5 Ra3+ 44.Kg4 Ra5 45.Rb7+ Kg8 46.Kf4 c5 47.Rb8+ Kh7 48.Rb6 c4 49.Rc6 Ra4
50.Ke3 Ra3+ 51.Kd4 Rxg3 52.Rxe6 Rh3 53.Rxa6 Rxh5 54.Kd5 c3 55.Rc6 Rh3 56.Ke4 h5
57.Kf4 Kg8 58.e6 Kf8 59.Ke5 Re3+ 60.Kd6 Rd3+ 61.Ke5 h4 62.Ke4 Rg3 63.Kf5 h3
64.Rc8+ Ke7 65.Rc7+ Kd8 66.e7+ Ke8 67.Ke6 Rg6+  0-1

[Event "XXXVII Bosnia GM"]
[Site "Sarajevo BIH"]
[Date "2007.05.21"]
[Round "3"]
[White "Timofeev,Arty"]
[Black "Morozevich,A"]
[Result "0-1"]
[WhiteElo "2658"]
[BlackElo "2762"]

1.e4 c5 2.Nf3 e6 3.d4 cxd4 4.Nxd4 a6 5.Bd3 Bc5 6.Nb3 Ba7 7.Qe2 Nc6 8.Be3 Bxe3
9.Qxe3 Nf6 10.Nc3 d6 11.O-O b5 12.Kh1 Rb8 13.f4 b4 14.Ne2 e5 15.h3 O-O 16.Rad1 a5
17.Nd2 exf4 18.Qxf4 Ne5 19.Nc4 Qc7 20.b3 Be6 21.Ng3 Bxc4 22.Bxc4 Nxc4 23.bxc4 Ne8
24.Rd5 g6 25.e5 dxe5 26.Rxe5 Rc8 27.c5 f6 28.Rd5 Qxf4 29.Rxf4 Nc7 30.Rd6 f5
31.c6 Rfe8 32.Rc4 Re5 33.Kg1 Ne6 34.Kf2 Kf8 35.c3 Rc5 36.Rxc5 Nxc5 37.cxb4 axb4
38.Kf3 Ke7 39.Rd4 Na6 40.Rd7+ Kf6 41.Rxh7 Rxc6 42.Ne2 Rc2 43.Rb7 Rxa2 44.Nf4 Ra3+
45.Ke2 Ke5 46.Nxg6+ Ke4 47.Re7+ Kd4 48.Rd7+ Kc5 49.Ne5 Ra2+ 50.Ke3 Rxg2 51.Rf7 Rg3+
52.Kd2 Kd4 53.Rxf5 Ke4 54.Rh5 Rg2+ 55.Kc1 b3 56.Nd7 Kd4 57.Rh8 Nb4 58.Kb1 Nd3  0-1

[Event "XXXVII Bosnia GM"]
[Site "Sarajevo BIH"]
[Date "2007.05.22"]
[Round "4"]
[White "Morozevich,A"]
[Black "Movsesian,S"]
[Result "0-1"]
[WhiteElo "2762"]
[BlackElo "2642"]

1.d4 Nf6 2.c4 e6 3.Nf3 d5 4.Nc3 Bb4 5.cxd5 exd5 6.Bg5 O-O 7.e3 c5 8.dxc5 Nbd7
9.Rc1 Nxc5 10.Bd3 Bg4 11.O-O Bxf3 12.gxf3 Bxc3 13.Rxc3 Ne6 14.Bh4 d4 15.Rc4 b5
16.Rc2 dxe3 17.fxe3 Qb6 18.Bxf6 Qxe3+ 19.Kh1 gxf6 20.Re2 Qh6 21.Bxb5 Kh8
22.Bc4 Rad8 23.Qc1 Qh3 24.Ref2 Rg8 25.Qe3 Ng7 26.Rg1 Nf5 27.Qe1 Rxg1+ 28.Kxg1 Rg8+
29.Kh1 Ng3+ 30.Kg1 Nf1+ 31.Kh1 Nxh2  0-1

[Event "XXXVII Bosnia GM"]
[Site "Sarajevo BIH"]
[Date "2007.05.24"]
[Round "6"]
[White "Morozevich,A"]
[Black "Short,N"]
[Result "0-1"]
[WhiteElo "2762"]
[BlackElo "2691"]

1.e4 e5 2.Nf3 Nc6 3.d4 exd4 4.Nxd4 Bc5 5.Be3 Qf6 6.c3 Nge7 7.Nc2 d6 8.Nd2 Bxe3
9.Nxe3 Be6 10.Bb5 O-O-O 11.O-O g5 12.a4 Ne5 13.a5 h5 14.a6 b6 15.c4 c6 16.Ba4 h4
17.Ra3 g4 18.Rc3 Kb8 19.f4 gxf3 20.Nxf3 Rhg8 21.Nd4 Qg5 22.Rf2 Bc8 23.Nf3 Nxf3+
24.Qxf3 Ng6 25.Nf5 Bxa6 26.Qe3 Qxe3 27.Rxe3 Ne5 28.Ne7 Rg5 29.Rf5 Rxf5 30.exf5 Kc7
31.Re4 Rh8 32.Bb3 h3 33.f6 hxg2 34.Kxg2 Rh6 35.h4 Rxf6 36.h5 Kd8 37.Ng8 Rf5
38.c5 bxc5 39.Ra4 Bc8  0-1

[Event "XXXVII Bosnia GM"]
[Site "Sarajevo BIH"]
[Date "2007.05.26"]
[Round "8"]
[White "Sokolov,Iv NED"]
[Black "Morozevich,A"]
[Result "0-1"]
[WhiteElo "2655"]
[BlackElo "2762"]

1.d4 d5 2.c4 c6 3.Nf3 Nf6 4.Nc3 e6 5.e3 Nbd7 6.Bd3 dxc4 7.Bxc4 b5 8.Bd3 Bb7
9.e4 b4 10.Na4 c5 11.e5 Nd5 12.O-O cxd4 13.Re1 Be7 14.Nxd4 O-O 15.Qg4 Re8
16.Bh6 Bf8 17.Bg5 Be7 18.Bh6 Bf8 19.Bg5 Qb8 20.Qg3 a6 21.Rac1 g6 22.h4 Bg7
23.Nf3 Rc8 24.Rxc8+ Qxc8 25.h5 Qc7 26.hxg6 hxg6 27.Be4 Rc8 28.b3 Nc3 29.Bxb7 Qxb7
30.Nb2 Qd5 31.Qf4 Nc5 32.Bf6 Bxf6 33.exf6 Qf5 34.Qd4 Nd5 35.Re5 Qb1+ 36.Re1 Qc2
37.Nc4 Nd3 38.Rf1 N3f4 39.Qe5 Rd8 40.g3 Nh5 41.Nd4 Qc3 42.Nc6 Re8 43.Qxc3 bxc3
44.Nd6 Ra8 45.Ne7+ Kf8 46.Nxd5 exd5 47.Rc1 d4 48.Ne4 Re8 49.f3 Nxf6 50.Nxf6 d3
51.Nd7+ Kg7 52.Rxc3 d2 53.Rd3 Re1+ 54.Kf2 d1=Q 55.Rxd1 Rxd1 56.Nc5 Rd2+  0-1

[Event "XXXVII Bosnia GM"]
[Site "Sarajevo BIH"]
[Date "2007.05.28"]
[Round "10"]
[White "Morozevich,A"]
[Black "Predojevic,B"]
[Result "1/2-1/2"]
[WhiteElo "2762"]
[BlackElo "2609"]

1.e4 c5 2.Nf3 e6 3.d4 cxd4 4.Nxd4 a6 5.Bd3 Nf6 6.O-O d6 7.c4 b6 8.Nc3 Bb7
9.Qe2 g6 10.Rd1 Nbd7 11.Bc2 Rc8 12.Nf3 Qc7 13.h3 Bg7 14.Bf4 e5 15.Bg5 O-O
16.Rac1 Nc5 17.Nd5 Nxd5 18.cxd5 a5 19.a3 Qd7 20.b4 Na4 21.Bd2 axb4 22.Bxa4 Qxa4
23.Bxb4 Bh6 24.Rxc8 Rxc8 25.Bxd6 Ba6 26.Qe1 Rc4 27.Bb4 Rxe4 28.Qxe4 Qxd1+
29.Ne1 Qe2 30.Qxe2 Bxe2 31.d6  1/2-1/2

[Event "TCh-ESP Honor Gp1"]
[Site "Lugo ESP"]
[Date "2007.06.23"]
[Round "4"]
[White "Dreev,A"]
[Black "Morozevich,A"]
[Result "1/2-1/2"]
[WhiteElo "2633"]
[BlackElo "2762"]

1.d4 Nf6 2.c4 e6 3.Nf3 d5 4.Nc3 c6 5.e3 Nbd7 6.Qc2 Bd6 7.g4 h6 8.Bd2 b5 9.cxd5 exd5
10.g5 hxg5 11.Nxg5 Nb6 12.e4 dxe4 13.Ncxe4 Be7 14.Bg2 Nxe4 15.Qxe4 Qd5 16.O-O Qxe4
17.Bxe4 Bd7 18.Rfe1 Kf8 19.Nf3 f6 20.Rac1 Rc8 21.Rc2 Bd6 22.Bg6 Nd5 23.h4 Ne7
24.Be4 Kf7 25.a3 Nd5 26.Kg2 Rhe8 27.Rcc1 g6 28.Bb1 Rxe1 29.Rxe1 Re8 30.Rxe8 Bxe8
31.Be4 Ke6 32.Ne1 f5 33.Bc2 Be7 34.Nf3 Bf6 35.Bg5 Bg7 36.Bb3 Kd6 37.Kf1 a5
38.Ke2 a4 39.Ba2 c5 40.dxc5+ Kxc5 41.Ne1 b4 42.Nd3+ Kd6 43.Bc4 bxa3 44.bxa3 Nc3+
45.Ke1 Ne4 46.Bf4+ Ke7 47.Be5 Bxe5 48.Nxe5 Kf6 49.Nf3 Nd6 50.Be2 Bb5 51.Nd4 Bxe2  1/2-1/2

[Event "WCh"]
[Site "Mexico City MEX"]
[Date "2007.09.13"]
[Round "1"]
[White "Morozevich,A"]
[Black "Aronian,L"]
[Result "1/2-1/2"]
[WhiteElo "2758"]
[BlackElo "2750"]

1.d4 Nf6 2.c4 e6 3.Nf3 b6 4.a3 Bb7 5.Nc3 d5 6.cxd5 Nxd5 7.e3 g6 8.h4 Bg7
9.h5 Nd7 10.Bd3 Nxc3 11.bxc3 e5 12.Qc2 Qe7 13.Be4 Bxe4 14.Qxe4 O-O 15.hxg6 hxg6
16.a4 c5 17.Ba3 Rfe8 18.Rc1 exd4 19.Qxe7 Rxe7 20.cxd4 Re4 21.Kf1 cxd4 22.exd4 Nf8
23.g3 Rd8 24.Rc7 Ree8 25.Rxa7 Ra8  1/2-1/2

[Event "WCh"]
[Site "Mexico City MEX"]
[Date "2007.09.15"]
[Round "3"]
[White "Morozevich,A"]
[Black "Svidler,P"]
[Result "1-0"]
[WhiteElo "2758"]
[BlackElo "2735"]

1.e4 e5 2.Nf3 Nc6 3.d4 exd4 4.Nxd4 Bc5 5.Be3 Qf6 6.c3 Nge7 7.Bc4 O-O 8.O-O Ne5
9.Bb3 d6 10.f3 Be6 11.Kh1 Bc4 12.Rf2 d5 13.Bc2 dxe4 14.Nd2 Bd3 15.Nxe4 Bxe4
16.fxe4 Qg6 17.Rf4 Nc4 18.Bg1 Qh6 19.Rf3 Qd2 20.Qb1 Bb6 21.Bb3 Bxd4 22.cxd4 Na5
23.Bc2 Rad8 24.Rc3 Nac6 25.d5 Nb4 26.Bb3 Na6 27.Be3 Qe2 28.Bc4 Qg4 29.h3 Qh4
30.Bxa6 bxa6 31.Rxc7 f5 32.Bc5 Rfe8 33.d6 Ng6 34.exf5 Nf4 35.Qc2 Re2 36.Qb3+ Kh8
37.Rg1  1-0

[Event "WCh"]
[Site "Mexico City MEX"]
[Date "2007.09.16"]
[Round "4"]
[White "Morozevich,A"]
[Black "Anand,V"]
[Result "1/2-1/2"]
[WhiteElo "2758"]
[BlackElo "2792"]

1.d4 Nf6 2.c4 e6 3.Nf3 d5 4.Nc3 c6 5.e3 Nbd7 6.Bd3 dxc4 7.Bxc4 b5 8.Bd3 Bb7
9.O-O a6 10.e4 c5 11.d5 c4 12.Bc2 Qc7 13.dxe6 fxe6 14.Nd4 Nc5 15.Be3 e5 16.Nf5 g6
17.Nh6 Bg7 18.Qf3 Ne6 19.Qh3 Bc8 20.Qh4 Qe7 21.Rfe1 Nd5 22.Qxe7+ Nxe7 23.Nd5 Bb7
24.Ng4 Nd4 25.Bd1 Nxd5 26.exd5 O-O-O 27.Bg5 Rxd5 28.b3 c3 29.Ne3 Rc5 30.Rc1 Rc7
31.b4 Kb8 32.h3 h6 33.Bh4 Nf5 34.Nxf5 gxf5 35.Bc2 Rc4 36.Be7 e4 37.Bb3 Rd4
38.Bc5 Rd3 39.Be6 Bc8 40.Bb3 Re8 41.Bf7 Re5 42.Be3 Re7 43.Bg6 Be6 44.h4 Bxa2
45.Bxf5 Bd5 46.Bc5 Re8 47.f3 Kb7 48.fxe4 Bc6 49.Kf2 Rd2+ 50.Ke3 Be5 51.Kf3 Red8
52.Re3 Rg8 53.g4 Rh2 54.h5 Rd8 55.g5 Rxh5 56.Be7 Re8 57.Kg4 Rh2 58.Bf6 Rg2+
59.Kh3 Rh2+ 60.Kg4 Rg2+ 61.Kh3  1/2-1/2

[Event "WCh"]
[Site "Mexico City MEX"]
[Date "2007.09.18"]
[Round "5"]
[White "Grischuk,A"]
[Black "Morozevich,A"]
[Result "1-0"]
[WhiteElo "2726"]
[BlackElo "2758"]

1.d4 Nf6 2.c4 e6 3.Nf3 d5 4.Nc3 Bb4 5.cxd5 exd5 6.Bg5 Nbd7 7.e3 c5 8.Bd3 Qa5
9.Qc2 c4 10.Bf5 O-O 11.O-O Re8 12.Nd2 g6 13.Bh3 Kg7 14.Rae1 Ne4 15.Ndxe4 dxe4
16.Bf4 f5 17.f3 Nf6 18.a3 Bxc3 19.bxc3 h5 20.Qf2 Bd7 21.Qg3 Qxc3 22.Be5 Qxa3
23.fxe4 Rxe5 24.exf5 Rxf5 25.Bxf5 Bxf5 26.Rxf5 Re8 27.Re5 Qd6 28.Rxe8 Nxe8
29.Qf3 b5 30.Qb7+ Nc7 31.Qxa7 b4 32.e4 c3 33.e5 Qe7 34.Qb7 Kh6 35.Rf1 c2
36.Rc1 Qg5 37.Rxc2 Qe3+ 38.Rf2 Ne6 39.Qxb4 Qc1+ 40.Rf1 Qe3+ 41.Kh1  1-0

[Event "WCh"]
[Site "Mexico City MEX"]
[Date "2007.09.19"]
[Round "6"]
[White "Gelfand,B"]
[Black "Morozevich,A"]
[Result "1-0"]
[WhiteElo "2733"]
[BlackElo "2758"]

1.d4 Nf6 2.c4 e6 3.Nf3 b6 4.g3 Bb7 5.Bg2 Be7 6.Nc3 Ne4 7.Bd2 f5 8.d5 Bf6
9.Qc2 Qe7 10.Nxe4 fxe4 11.Qxe4 Bxb2 12.Rd1 Bf6 13.O-O Na6 14.Nd4 Nc5 15.Qe3 exd5
16.cxd5 Qxe3 17.Bxe3 O-O-O 18.Rb1 Rhe8 19.Nb5 Rxe3 20.fxe3 a6 21.Nd4 Re8
22.Nf5 d6 23.Rb4 h5 24.g4 a5 25.Rbf4 Rh8 26.gxh5 Rxh5 27.Rg4 Rh7 28.Nxg7 Rxg7
29.Bh3 Rxg4+ 30.Bxg4+ Kd8 31.Rxf6 Bxd5 32.a3 b5 33.h4 b4 34.axb4 axb4 35.Rf4 b3
36.Bf5 Bf7 37.Kf2 Ke7 38.Ke1 Kf6 39.Bd3+ Kg7 40.Kd2 Be6 41.Kc3 Bf7 42.Bc4 Bxc4
43.Rxc4 Kg6 44.e4 Ne6 45.Kxb3 Kh5 46.e5 d5 47.Rb4 Kg6 48.Rb8 Nd4+ 49.Kb2 Nf5
50.Rf8  1-0

[Event "WCh"]
[Site "Mexico City MEX"]
[Date "2007.09.25"]
[Round "11"]
[White "Anand,V"]
[Black "Morozevich,A"]
[Result "1-0"]
[WhiteElo "2792"]
[BlackElo "2758"]

1.e4 c5 2.Nf3 d6 3.d4 cxd4 4.Nxd4 Nf6 5.Nc3 a6 6.f3 e5 7.Nb3 Be6 8.Be3 Nbd7
9.g4 Nb6 10.g5 Nh5 11.Qd2 Rc8 12.O-O-O Be7 13.Rg1 O-O 14.Kb1 Qc7 15.Qf2 Nc4
16.Bxc4 Bxc4 17.Nd5 Bxd5 18.Rxd5 f5 19.gxf6 Rxf6 20.Qe2 Nf4 21.Bxf4 Rxf4
22.Rd3 Qd7 23.Nc1 Rcf8 24.a3 Kh8 25.Na2 Qh3 26.Rg3 Qh5 27.Qg2 Rh4 28.h3 Qh6
29.Rb3 b5 30.Nb4 Rh5 31.Qf1 Rh4 32.Qg2 Rh5 33.Nxa6 Bh4 34.Rg4 Bf6 35.Qe2 Rxh3
36.Rxb5 Bd8 37.Rb8 Qf6 38.Nb4 Rxf3 39.Nd5 Qf7 40.Qa6 h5 41.Rg2 h4 42.Qxd6 Be7
43.Qxe5 Rxb8 44.Qxb8+ Kh7 45.Qc7 Bf8 46.Qxf7 Rxf7 47.Rg4 Rf1+ 48.Ka2 Rh1
49.e5 Bc5 50.e6 Kh6 51.Rc4 h3 52.Rxc5 h2 53.Ne3 Ra1+ 54.Kxa1 h1=Q+ 55.Ka2 Qe4
56.Re5  1-0

[Event "WCh"]
[Site "Mexico City MEX"]
[Date "2007.09.29"]
[Round "14"]
[White "Morozevich,A"]
[Black "Gelfand,B"]
[Result "1/2-1/2"]
[WhiteElo "2758"]
[BlackElo "2733"]

1.e4 e5 2.Nf3 Nf6 3.Nxe5 d6 4.Nf3 Nxe4 5.d4 d5 6.Bd3 Nc6 7.O-O Be7 8.Re1 Bg4
9.c4 Nf6 10.Nc3 Bxf3 11.Qxf3 Nxd4 12.Qd1 Ne6 13.Bf5 d4 14.Ne2 d3 15.Nf4 Nd4
16.Bxd3 O-O 17.Be3 Bc5 18.Qb1 Qd6 19.Rd1 Qe5 20.Bxh7+ Nxh7 21.Nd3 Qf5 22.Nxc5 Nc2
23.b4 Qg6 24.a4 Nxa1 25.Qxg6 fxg6 26.Rxa1 Nf6 27.h3 Rfe8 28.a5 b6 29.Nb3 Ne4
30.c5 bxc5 31.Nxc5 Nc3 32.Na6 Nd5 33.Rc1 Nxe3 34.fxe3 Rxe3 35.Rxc7 Re2 36.Kh2 Rf8
37.Rxa7 Rff2 38.Kg3 Rxg2+ 39.Kf3 Rgf2+ 40.Kg3 Rg2+ 41.Kf3 Rgf2+ 42.Kg3 g5
43.b5 Rf4 44.b6 Re3+ 45.Kg2 Re2+  1/2-1/2

[Event "World Blitz"]
[Site "Moscow RUS"]
[Date "2007.11.21"]
[Round "1"]
[White "Grischuk,A"]
[Black "Morozevich,A"]
[Result "1/2-1/2"]
[WhiteElo "2715"]
[BlackElo "2755"]

1.d4 d5 2.Nf3 Nf6 3.c4 c6 4.Nc3 dxc4 5.a4 Bf5 6.Ne5 Nbd7 7.Nxc4 Nd5 8.f3 e5
9.e4 Nxc3 10.bxc3 Be6 11.Ne3 Qh4+ 12.g3 Qf6 13.d5 cxd5 14.exd5 Bf5 15.Nxf5 Qxf5
16.Bd3 Qh3 17.Bf1 Qf5 18.Bd3 Qh3 19.Bf1 Qf5 20.Bd3  1/2-1/2

[Event "World Blitz"]
[Site "Moscow RUS"]
[Date "2007.11.21"]
[Round "4"]
[White "Morozevich,A"]
[Black "Savchenko,B"]
[Result "1-0"]
[WhiteElo "2755"]
[BlackElo "2583"]

1.d4 Nf6 2.c4 e6 3.Nc3 d5 4.Bg5 c6 5.e3 Nbd7 6.Bd3 Bd6 7.Qc2 Nf8 8.Nge2 Ng6
9.cxd5 exd5 10.O-O-O O-O 11.Bxg6 hxg6 12.f3 b5 13.g4 b4 14.Na4 Ba6 15.Nf4 Bb5
16.Nc5 Qe7 17.Rhe1 Bxc5 18.dxc5 Qe5 19.h4 Nh7 20.Nh3 Nxg5 21.hxg5 a5 22.f4 Qe7
23.Rd4 Bc4 24.b3 Bb5 25.Kb2 Rfe8 26.Ng1 Qd7 27.f5 Re4 28.fxg6 Qxg4 29.gxf7+ Kxf7
30.Rxe4 Qxe4 31.Nh3 Bd3 32.Qh2 a4 33.Qc7+ Kg8 34.Nf4 axb3 35.axb3 Bc4 36.Ra1 Rf8
37.Ra7 Qh7 38.bxc4 dxc4 39.Qe5 Qh2+ 40.Kb1 Qg1+ 41.Kb2 Qf2+ 42.Kb1 Qe1+ 43.Kb2 Qf2+
44.Kb1 Qe1+ 45.Kb2 Qd2+ 46.Kb1 Qd1+ 47.Ka2 Qc2+ 48.Qb2 b3+ 49.Ka3 c3 50.Qxb3+  1-0

[Event "World Blitz"]
[Site "Moscow RUS"]
[Date "2007.11.21"]
[Round "5"]
[White "Kamsky,G"]
[Black "Morozevich,A"]
[Result "1/2-1/2"]
[WhiteElo "2714"]
[BlackElo "2755"]

1.d4 Nf6 2.Nf3 d6 3.Bf4 c5 4.c3 Qb6 5.Qb3 Qxb3 6.axb3 cxd4 7.Nxd4 a6 8.Nb5 Kd8
9.Nd2 Nbd7 10.e4 h6 11.f3 e5 12.Bg3 Rb8 13.Na7 d5 14.exd5 Nxd5 15.Nc4 Bc5
16.Nxc8 Rxc8 17.b4 Ne3 18.Nxe3 Bxe3 19.b5 a5 20.Rxa5 Bb6 21.Ra1 Re8 22.Kd1 f5
23.Kc2 f4 24.Bh4+ g5 25.Be1 Nf6 26.h4 g4 27.h5 g3 28.Bd3 Ke7 29.Bd2 Red8
30.Rae1 Kd6 31.c4 Bd4 32.Bb4+ Kc7 33.Be7 Nd7 34.Bxd8+ Kxd8 35.b4 Nf6 36.Kb3 Ra8
37.Re2 Ke7 38.Be4 Rb8 39.c5 b6 40.Kc4 bxc5 41.bxc5 Nd7 42.c6 Nb6+ 43.Kb3 Kd6
44.Rc2 Kc7 45.Ra2 Nc8 46.Bd3 Nd6 47.Ra5 e4 48.fxe4 f3 49.e5 Nxb5 50.Rxb5 Rxb5+
51.Bxb5 fxg2 52.Rd1 g1=Q 53.Rxg1 Bxg1 54.Bf1  1/2-1/2

[Event "World Blitz"]
[Site "Moscow RUS"]
[Date "2007.11.21"]
[Round "7"]
[White "Rublevsky,S"]
[Black "Morozevich,A"]
[Result "1/2-1/2"]
[WhiteElo "2676"]
[BlackElo "2755"]

1.e4 c6 2.d4 d5 3.Nd2 dxe4 4.Nxe4 Nd7 5.Bc4 Ngf6 6.Ng5 e6 7.Qe2 Nb6 8.Bd3 h6
9.N5f3 c5 10.Be3 a6 11.c3 Qc7 12.Ne5 Nbd5 13.Ngf3 Bd6 14.O-O O-O 15.Bd2 cxd4
16.cxd4 b6 17.Rac1 Qe7 18.Bb1 Bb7 19.a3 Rfc8 20.h3 b5 21.Qd3 Nb6 22.Ng4 Ne4
23.Nge5 f5 24.Ba5 Nd5 25.Bd2 Ndf6 26.Bf4 Qe8 27.Rxc8 Rxc8 28.Rc1 Rxc1+ 29.Bxc1 Bd5
30.Be3 Bf8 31.Qc2 Nd6 32.Qc7 Qc8 33.Qxc8 Nxc8 34.Ne1 Nb6 35.N1d3 Na4 36.Bc2 Nb6
37.Nc5 a5 38.Bd2 a4 39.Bd3 Nc4 40.Nxc4 bxc4 41.Bc2 Bxc5 42.dxc5 Bc6 43.f3 Nd5
44.Kf2 Kf7 45.g4 f4 46.Be4 e5 47.Bxd5+ Bxd5 48.h4 g6 49.Bc3 Ke6 50.Ke2 h5
51.gxh5 gxh5 52.Kf2 Kf5 53.Bd2 e4 54.fxe4+ Bxe4 55.Bc3 Bc6 56.Ba5 Ke4 57.Bc3 Kd3
58.Be5 f3 59.Bc3  1/2-1/2

[Event "World Blitz"]
[Site "Moscow RUS"]
[Date "2007.11.21"]
[Round "9"]
[White "Ponomariov,R"]
[Black "Morozevich,A"]
[Result "0-1"]
[WhiteElo "2705"]
[BlackElo "2755"]

1.d4 d5 2.c4 c6 3.Nf3 Nf6 4.e3 a6 5.Qc2 Bg4 6.Ne5 Bh5 7.Qb3 Ra7 8.Nc3 e6
9.Bd2 Bd6 10.h3 Bxe5 11.dxe5 Nfd7 12.g4 Bg6 13.f4 h5 14.g5 Nc5 15.Qa3 Nbd7
16.cxd5 exd5 17.Rd1 O-O 18.Bc1 a5 19.Rh2 Re8 20.b4 axb4 21.Qxb4 b5 22.h4 Na4
23.Ne2 Bf5 24.Ng3 Bg4 25.Be2 Bxe2 26.Rxe2 g6 27.Rc2 Ra6 28.e4 Qb6 29.Ke2 c5
30.Qe1 d4 31.Kf3 c4 32.Kg2 d3 33.Rf2 b4 34.Be3 Qb5 35.Bd4 Nac5 36.Qe3 c3
37.f5 d2 38.e6 Nxe6 39.fxe6 Rexe6 40.Bxc3 bxc3 41.Qxc3 Rxa2 42.Rfxd2 Nf8
43.Kf3 Re8 44.Ne2 Ne6 45.Rb2 Qd7 46.Ng3 Qxd1+ 47.Kg2 Qg4 48.Qf6 Qxh4 49.Rf2 Rf8
50.e5 Qg4 51.Kh2 Nxg5 52.Ne2 Ne4  0-1

[Event "World Blitz"]
[Site "Moscow RUS"]
[Date "2007.11.21"]
[Round "11"]
[White "Mamedyarov,S"]
[Black "Morozevich,A"]
[Result "0-1"]
[WhiteElo "2752"]
[BlackElo "2755"]

1.d4 d5 2.c4 c6 3.Nc3 Nf6 4.e3 a6 5.Qc2 b5 6.b3 Bg4 7.Nge2 g6 8.Nf4 Bf5 9.Bd3 Bxd3
10.Qxd3 Bg7 11.O-O O-O 12.a4 b4 13.Nce2 a5 14.Bb2 Nbd7 15.Rac1 e6 16.cxd5 cxd5
17.Rc6 Rc8 18.Rfc1 Rxc6 19.Rxc6 Nb8 20.Rc2 Qd7 21.Rc5 Nc6 22.Qa6 Rc8 23.Nd3 Ne4
24.Rc1 Rc7 25.Qb6 Qc8 26.f3 Nd2 27.Rc2 Nxb3 28.Ne5 Bxe5 29.dxe5 Kf8 30.e4 dxe4
31.Qe3 exf3 32.gxf3 Qd7 33.Qxb3 Qd1+ 34.Kf2 Nxe5 35.Rc3 Qxb3 36.Rxb3 Nc4
37.Bd4 e5 38.Ba1 f6 39.Rd3 Ke7 40.h4 Nb6 41.f4 Rc5 42.fxe5 fxe5 43.Re3 Kd6
44.Rf3 Ke6 45.Re3 Nxa4 46.Bd4 Rb5 47.Ng3 Kd6 48.Ne4+ Kc6 49.Nf6 b3 50.Bb2 Nxb2
51.Rc3+ Kd6 52.Ke2 a4 53.Nxh7 a3 54.Rc8 Nc4 55.Ra8 e4 56.Nf8  0-1

[Event "World Blitz"]
[Site "Moscow RUS"]
[Date "2007.11.21"]
[Round "12"]
[White "Morozevich,A"]
[Black "Gelfand,B"]
[Result "1/2-1/2"]
[WhiteElo "2755"]
[BlackElo "2736"]

1.Nf3 Nf6 2.g3 d5 3.Bg2 c6 4.d3 Bg4 5.Nbd2 Nbd7 6.h3 Bxf3 7.Nxf3 e5 8.O-O Be7
9.Nh4 O-O 10.Nf5 Re8 11.Nxe7+ Qxe7 12.e4 dxe4 13.dxe4 Nc5 14.Qe2 Rad8 15.Be3 Ncxe4
16.Bxa7 Nc5 17.Bb6 Ra8 18.b3 Ra6 19.Bxc5 Qxc5 20.c4 Ra3 21.Rad1 e4 22.Rfe1 h6
23.Rd2 Qa5 24.Red1 g6 25.Rc2 Kg7 26.Rdd2 Qe5 27.Qe3 Rea8 28.Qb6 Qa1+ 29.Bf1 Rxa2
30.Rxa2 Rxa2 31.Rxa2 Qxa2 32.Qxb7 e3 33.fxe3 Ne4 34.Bg2 Qf2+ 35.Kh1 Qe1+
36.Kh2 Qxg3+ 37.Kg1 Qxe3+ 38.Kh2 Nc5 39.Qb6 Qe5+ 40.Kg1 Nd3 41.Qxc6 Qe3+
42.Kh2 Qf4+ 43.Kg1 Qd4+ 44.Kh2 Qe5+ 45.Kg1 Nc5 46.Qb6 Qe1+ 47.Kh2 Qe5+ 48.Kg1 Qe1+  1/2-1/2

[Event "World Blitz"]
[Site "Moscow RUS"]
[Date "2007.11.21"]
[Round "14"]
[White "Morozevich,A"]
[Black "Ivanchuk,V"]
[Result "1/2-1/2"]
[WhiteElo "2755"]
[BlackElo "2787"]

1.e4 e5 2.Nf3 Nf6 3.Nxe5 d6 4.Nf3 Nxe4 5.d4 d5 6.Bd3 Nc6 7.O-O Be7 8.Re1 Bg4
9.c4 Nf6 10.Nc3 Bxf3 11.Qxf3 Nxd4 12.Qd1 Ne6 13.Bf5 dxc4 14.Qa4+ c6 15.Bxe6 fxe6
16.Qxc4 O-O 17.Rxe6 Nd5 18.Be3 Bf6 19.Bc5 Re8 20.Rxe8+ Qxe8 21.Nxd5 cxd5
22.Qxd5+ Qf7 23.Qd2 Rd8 24.Qb4 Qxa2 25.Re1 b6 26.Be7 Re8 27.Bxf6 Rxe1+ 28.Qxe1 gxf6
29.Qb4 a5  1/2-1/2

[Event "World Blitz"]
[Site "Moscow RUS"]
[Date "2007.11.21"]
[Round "17"]
[White "Morozevich,A"]
[Black "Shirov,A"]
[Result "0-1"]
[WhiteElo "2755"]
[BlackElo "2739"]

1.e4 c5 2.Nf3 Nc6 3.d4 cxd4 4.Nxd4 Nf6 5.Nc3 e5 6.Ndb5 d6 7.Bg5 a6 8.Na3 b5
9.Nd5 Be7 10.Bxf6 Bxf6 11.c4 b4 12.Nc2 a5 13.Qf3 Bg5 14.h4 Bh6 15.g4 f6 16.g5 fxg5
17.hxg5 Qxg5 18.Rxh6 gxh6 19.Nc7+ Ke7 20.Nxa8 Bg4 21.Qd3 Rxa8 22.Qd5 Rc8
23.c5 dxc5 24.Bc4 Nd4 25.Qf7+ Kd8 26.Nxd4 cxd4 27.Qf8+ Kd7 28.Bb5+ Kc7 29.Qc5+ Kb7
30.Qd5+ Kb6 31.Bc4 Bd7 32.Qd6+ Bc6 33.a3 Rd8 34.Qe6 d3 35.Bd5 Qg1+ 36.Kd2 Qxf2+
37.Kxd3 Qd4+ 38.Kc2 Qc5+ 39.Kd2 Rd6 40.Qc8 Qf2+ 41.Kc1 Qc5+ 42.Kb1 Bxd5 43.Qb8+ Bb7
44.axb4 Rd1+ 45.Ka2 Qc4+ 46.b3 Qc2+  0-1

[Event "World Blitz"]
[Site "Moscow RUS"]
[Date "2007.11.21"]
[Round "19"]
[White "Morozevich,A"]
[Black "Dreev,A"]
[Result "1/2-1/2"]
[WhiteElo "2755"]
[BlackElo "2607"]

1.e4 c6 2.d4 d5 3.e5 Bf5 4.Nf3 e6 5.Be2 Nd7 6.O-O Bg6 7.Nbd2 Nh6 8.c3 Nf5
9.Ne1 h5 10.Ndf3 h4 11.Nd3 Bh5 12.Nf4 Bxf3 13.Bxf3 g6 14.Bg4 Bh6 15.Re1 Qb6
16.Bxf5 gxf5 17.Qh5 Bg7 18.Qg5 Kf8 19.Nh5 Bh6 20.Qxh4 Bxc1 21.Raxc1 Qxb2
22.Qg5 Rg8 23.Qh6+ Ke7 24.Nf4 b5 25.Qh4+ Ke8 26.Qh7 Ke7 27.Qh4+ Ke8 28.Qh7 Ke7
29.Qh4+  1/2-1/2

[Event "World Blitz"]
[Site "Moscow RUS"]
[Date "2007.11.22"]
[Round "20"]
[White "Morozevich,A"]
[Black "Grischuk,A"]
[Result "1-0"]
[WhiteElo "2755"]
[BlackElo "2715"]

1.e4 d6 2.d4 Nf6 3.Nc3 g6 4.Be3 a6 5.f3 b5 6.Qd2 Nbd7 7.Rd1 Bb7 8.Nh3 Nb6
9.Be2 Bg7 10.Bh6 O-O 11.Bxg7 Kxg7 12.Qe3 b4 13.Nb1 e6 14.Nf2 Qe7 15.O-O Rfd8
16.c4 bxc3 17.Nxc3 a5 18.Rc1 a4 19.Rc2 Nbd7 20.e5 dxe5 21.dxe5 Nd5 22.Nxd5 Bxd5
23.Rxc7 Rac8 24.Rfc1 Rxc7 25.Rxc7 Qb4 26.Nd3 Qb6 27.Qxb6 Nxb6 28.Nb4 Ba8
29.Kf2 Rd2 30.Rc2 Rd4 31.a3 Nd5 32.Nxd5 Bxd5 33.Ke3 Rh4 34.h3 Rh5 35.f4 Rh4
36.Bf3 g5 37.fxg5 Bxf3 38.Kxf3 Kg6 39.Re2 Rd4 40.Re4 Rd3+ 41.Ke2 Rg3 42.Kf2 Rd3
43.h4 Kf5 44.Rxa4 Rd2+ 45.Kf3 Rxb2 46.Rf4+ Kg6 47.a4 Ra2 48.g3 Ra3+ 49.Kg4 Kg7
50.Re4 Rd3 51.Kf4 Rd1 52.h5 Rf1+ 53.Ke3 Ra1 54.g4 Ra2 55.Kd3 Ra1 56.Kc3 Rb1
57.a5 Rb5 58.Ra4 Rxe5 59.a6 Rc5+ 60.Kb4 Rc8 61.a7 Ra8 62.Kc5 h6 63.gxh6+ Kxh6
64.Kb6 f5 65.Kb7 Rg8 66.a8=Q Rxa8 67.Kxa8 Kg5 68.Kb7 fxg4 69.h6 Kxh6 70.Rxg4  1-0

[Event "World Blitz"]
[Site "Moscow RUS"]
[Date "2007.11.22"]
[Round "22"]
[White "Morozevich,A"]
[Black "Kasimdzhanov,R"]
[Result "0-1"]
[WhiteElo "2755"]
[BlackElo "2690"]

1.e4 e5 2.Nf3 Nc6 3.Bc4 Bc5 4.c3 Nf6 5.d3 d6 6.Bb3 a6 7.h3 Be6 8.Nbd2 O-O
9.Bc2 Ba7 10.Ng5 Bd7 11.Nf1 h6 12.Nf3 d5 13.Qe2 Be6 14.Ng3 b5 15.Bb3 Na5
16.Nxe5 Nxb3 17.axb3 dxe4 18.dxe4 Bxb3 19.Nc6 Qd7 20.Nxa7 Bc4 21.Qf3 Rxa7
22.Bxh6 Re8 23.Be3 Raa8 24.e5 Rad8 25.Rd1 Qxd1+ 26.Qxd1 Rxd1+ 27.Kxd1 Rxe5
28.Kc2 Bd5 29.Rg1 Re6 30.Ne2 Be4+ 31.Kc1 Nd5 32.Bc5 Bxg2 33.Nd4 Rg6 34.h4 Nf4
35.Kd2 Bd5 36.Ra1 Ne6 37.b4 Nxd4 38.Bxd4 Rh6 39.Rg1 f6 40.Re1 Rxh4 41.Re7 c6
42.Ra7 Rg4 43.Rxa6 Kf7 44.Ra7+ Ke6 45.Rc7 Kf5 46.Re7 g5 47.Re8 Rf4 48.Rf8 Kg6
49.Rd8 Rf3 50.Rd6 g4 51.Ke2 Bc4+ 52.Kd2 Bd5 53.Ke2 Kg5 54.Kd2 f5 55.Rd7 f4
56.Rg7+ Kf5 57.Ke2 Bc4+ 58.Kd2 Rd3+ 59.Kc2 Rh3 60.Kd2 Rh2 61.Ke1 Rg2 62.Bc5 Ke4
63.Rg6 Kd3 64.Kf1 f3 65.Rd6+ Kxc3+ 66.Ke1 Rg1+  0-1

[Event "World Blitz"]
[Site "Moscow RUS"]
[Date "2007.11.22"]
[Round "25"]
[White "Kramnik,V"]
[Black "Morozevich,A"]
[Result "1/2-1/2"]
[WhiteElo "2785"]
[BlackElo "2755"]

1.Nf3 Nf6 2.c4 c6 3.d4 d5 4.Nc3 dxc4 5.a4 Bf5 6.e3 e6 7.Bxc4 Bb4 8.O-O Nbd7
9.Qe2 Bg4 10.Rd1 O-O 11.e4 Re8 12.h3 Bh5 13.Bf4 Qa5 14.e5 Nd5 15.Nxd5 cxd5
16.Bb5 Qd8 17.Qe3 a6 18.Bd3 Nb8 19.g4 Bg6 20.h4 Nc6 21.h5 Bxd3 22.Qxd3 Be7
23.Kg2 Rc8 24.Rac1 Qb6 25.Rc3 Na5 26.Rdc1 Rxc3 27.bxc3 Qd8 28.g5 Rf8 29.Kg3 Qe8
30.Rh1 Nc4 31.Nd2 Nb2 32.Qc2 Nxa4 33.c4 dxc4 34.Ne4 Nb6 35.Rb1 Nd5 36.Rxb7 Qc6
37.Ra7 Bd8 38.Nc5 c3 39.Rxa6 Qb5 40.Ra8 Nxf4 41.Kxf4 Bxg5+ 42.Kxg5 h6+ 43.Kf4 Rxa8
44.Qxc3 Qe2 45.Qf3 Qxf3+ 46.Kxf3 Ra3+ 47.Kf4 Kf8 48.f3 Ke7 49.Ne4 g5+ 50.hxg6 fxg6
51.Nf6 Kf7 52.Ke4 g5 53.f4 Kg6 54.fxg5 Kxg5 55.d5 Ra4+ 56.Kf3 Kf5 57.dxe6 Kxe6
58.Kg3 Kf5 59.Kh3 Kg5 60.Nh7+ Kf5 61.Nf6 Rc4 62.Kg3 Rc5 63.Ng8 Kg5 64.e6 Re5
65.e7 h5 66.Kf3 Re6 67.Kg3 Re3+ 68.Kf2 Re6 69.Kg3 h4+ 70.Kf3 Re5 71.Kg2 Kg4
72.e8=Q  1/2-1/2